| 000 | 00381nam a2200145Ia 4500 | ||
|---|---|---|---|
| 008 | 230917s9999||||xx |||||||||||||| ||und|| | ||
| 040 |
_e109398 _aMAIN |
||
| 041 | _aEnglish | ||
| 082 | _a621.3 R137F | ||
| 100 | _aRajendra Prasad | ||
| 245 | 0 | _aFundamentals of electrical engineering | |
| 260 |
_aNew Delhi _bPrentice-Hall of India _c2005 |
||
| 300 | _axii, 827 p. | ||
| 942 | _cBK | ||
| 999 |
_c129645 _d129645 |
||